000 01250nmc a2200373 a 4500
003 AR-BaBNM
005 20251128203040.0
008 011101s1987 ||||||||||||||000 | spa||
020 _a84-7432-092-5
040 _cAR-BaBNM
100 1 _aMoreno Marimon, Montserrat
245 1 0 _aAprendizaje y desarrollo intelectual
_bbases para una teoría de la generalización
250 _a2ª ed.
260 _aBarcelona
_bGedisa
_c1987
300 0 _a268 p.
_btablas
490 0 _aHombre y sociedad. Investigaciones en psicología y educación
500 0 _aI.M.I.P.A.E.: Instituto Municipal de Investigación en Psicología Aplicada a la Educación
504 _aBibliografía: p. 263-268
650 4 _aPSICOLOGIA DE LA EDUCACION
650 4 _aTEORIAS DEL APRENDIZAJE
650 4 _aDESARROLLO DEL NINO
650 4 _aDESARROLLO MENTAL
650 4 _aDESARROLLO INTELECTUAL
650 4 _aDESARROLLO COGNOSCITIVO
650 4 _aPRUEBAS DE INTELIGENCIA
650 4 _aPRUEBAS DE RENDIMIENTO
653 0 _aDISCAPACIDAD MENTAL
700 1 _aSastre Vilarrasa, Genoveva
700 1 _aPiaget, Jean
_eprologuista
700 1 _aInhelder, Bärbel
_eprologuista
800 1 _aMoreno Marimon, Montserrat
_edirector
942 _cBK
998 _csilvi
999 _c1661
_d1661